Trò đùa của sự ngẫu nhiên Giải mã bí ẩn quanh những điều tình cờ

Tên sách tiếng Anh: Fooled by randomness; Viết về những lối tư duy sai sót trong nhận thức của con người. về cách chúng ta nhận thức và đối phó với may mắn trong cuộc sống và kinh doanh

Bewaard in:
Bibliografische gegevens
Hoofdauteur: Taleb, Nassim Nicholas
Andere auteurs: Lê, Vũ Kỳ Nam
Formaat: Boek
Taal:Undetermined
Gepubliceerd in: H. Công Thương ; Công ty Sách Alpha 2019
Onderwerpen:
Online toegang:http://lrc.tdmu.edu.vn/opac/search/detail.asp?aID=2&ID=40232
Tags: Voeg label toe
Geen labels, Wees de eerste die dit record labelt!
Thư viện lưu trữ: Trung tâm Học liệu Trường Đại học Thủ Dầu Một
LEADER 01077nam a2200229Ia 4500
001 TDMU_40232
008 210410s9999 xx 000 0 und d
082 |a 629.892 
090 |b T103 
100 |a Taleb, Nassim Nicholas 
245 0 |a Trò đùa của sự ngẫu nhiên 
245 0 |b Giải mã bí ẩn quanh những điều tình cờ 
245 0 |c Nassim Nicholas Taleb ; Lê Vũ Kỳ Nam (dịch) 
260 |a H. 
260 |b Công Thương ; Công ty Sách Alpha 
260 |c 2019 
300 |a 384tr. 
520 |a Tên sách tiếng Anh: Fooled by randomness; Viết về những lối tư duy sai sót trong nhận thức của con người. về cách chúng ta nhận thức và đối phó với may mắn trong cuộc sống và kinh doanh 
650 |a Biến ngẫu nhiên  |x Cơ hội  |x Vận may 
700 |a Lê, Vũ Kỳ Nam 
856 |u http://lrc.tdmu.edu.vn/opac/search/detail.asp?aID=2&ID=40232 
980 |a Trung tâm Học liệu Trường Đại học Thủ Dầu Một